| 000 | 00443nam a2200181Ia 4500 | ||
|---|---|---|---|
| 001 | 16086 | ||
| 005 | 20260306170243.0 | ||
| 008 | 260306t2019||||xx |||||||||||||| ||und|| | ||
| 041 | _aESP | ||
| 082 |
_a346.6 _bM86P 2019 |
||
| 100 |
_aMorales Hervias, Rómulo _eAUT |
||
| 245 | 0 | _aPatologías y remedios del contrato | |
| 260 | _c2019 | ||
| 300 |
_a446 páginas : _c25 cm. |
||
| 650 | _aGEN | ||
| 654 | _aCDE | ||
| 942 |
_cLIB _dJUS _fJUS _2ddc _n |
||
| 999 |
_c16086 _d16086 |
||